000
00336nam a2200133Ia 4500
008
151001s9999||||xx |||||||||||||| ||und||
100
_a
सुरेश खरे
245
_a
मला उत्तर हवंय
250
_a
1
260
_b
जोशी ब्रदर्स
260
_c
1971
300
_a
76
365
_b
18
999
_c
956519
_d
956516